banner-ar

دراسات فى التاريخ الاسلامى / (Record no. 60908)

MARC details
000 -الفاتح
حقل البيانات ثابتة الطول 01483nam a22003617a 4500
005 - وقت وتاريخ اخر تعامل مع التسجيلة
رقم الضبط 20240530110434.0
008 - عناصر البيانات ثابتة الطول - معلومات عامة
حقل البيانات ثابتة الطول 150406s2010 xxuab g b 000 0 eng d
017 ## - رقم الايداع القانونى
رقم الايداع القانونى 2009/6/2980
المصدر ( الهيئة المختصة) المملكة الاردنية الهاشمية . المكتبة الوطنية
040 ## - مصدر الفهرسة
وكالة الفهرسة الأصلية EG-CaGPL
082 04 - رقم تصنيف ديوى العشرى
رقم الطبعة 21
رقم التصنيف 953\
رقم المادة م د
100 0# - المدخل الرئيسى - إسم شخصى
الإسم الشخصى محمد حسين محاسنة
245 10 - بيان العنوان
العنوان دراسات فى التاريخ الاسلامى /
بيان المسئوليه,etc تاليف محمد حسين محاسنة
260 ## - PUBLICATION, DISTRIBUTION, ETC. (IMPRINT)
تاريخ النشر أو التوزيع 2010.
300 ## - الوصف المادى
التعداد 160 ص :
تفاصيل ماديه اخرى للوعاء خرائط ؛
أبعاد الوعاء 24 سم.
504 ## - تبصرة ببليوجرافية
تبصرة ببليوجرافية,الخ يشتمل على ارجاعات ببليوجرافية
600 0# - المدخل الاضافى بالموضوع-اسم شخصى
الإسم الشخصى ابو بكر الصديق
600 0# - المدخل الاضافى بالموضوع-اسم شخصى
الإسم الشخصى عمر بن الخطاب
600 0# - المدخل الاضافى بالموضوع-اسم شخصى
الإسم الشخصى عثمان بن عفان
600 0# - المدخل الاضافى بالموضوع-اسم شخصى
الإسم الشخصى على بن ابى طالب
650 04 - المدخل الاضافى بالموضوع-مصطلح موضوعى
مصطلح موضوعي التاريخ الاسلامى
650 04 - المدخل الاضافى بالموضوع-مصطلح موضوعى
مصطلح موضوعي الحضارة الاسلامية
650 04 - المدخل الاضافى بالموضوع-مصطلح موضوعى
مصطلح موضوعي الخلافة
650 04 - المدخل الاضافى بالموضوع-مصطلح موضوعى
مصطلح موضوعي الفتوحات الاسلامية
650 04 - المدخل الاضافى بالموضوع-مصطلح موضوعى
مصطلح موضوعي دولة المماليك
650 04 - المدخل الاضافى بالموضوع-مصطلح موضوعى
مصطلح موضوعي المغول والتتار
650 04 - المدخل الاضافى بالموضوع-مصطلح موضوعى
مصطلح موضوعي التاريخ الاسلامى
التقسيم الفرعي العام الدولةالعباسية
651 04 - المدخل الاضافى بالموضوع - اسم جغرافى
الاسم الجغرافي مصر
التقسيم الفرعي العام تاريخ
التقسيم الفرعي الزمني عصر المماليك ( 1250-1517 م )
651 04 - المدخل الاضافى بالموضوع - اسم جغرافى
الاسم الجغرافي الدولة العباسية
651 04 - المدخل الاضافى بالموضوع - اسم جغرافى
الاسم الجغرافي الدولة الاموية
651 04 - المدخل الاضافى بالموضوع - اسم جغرافى
الاسم الجغرافي الدولة العثمانية
942 ## - عناصر المدخل الإضافي( كوها)
مصدر التصنيف او مخطط الترفيف Dewey Decimal Classification
Koha [default] item type كتاب
260 ## - PUBLICATION, DISTRIBUTION, ETC. (IMPRINT)
-- الاردن :
-- دار الامل للنشر و التوزيع ،
Holdings
حالة التراجع حالة الفقد حالة تلف ليس للاعارة المكان المؤقت الموقع الحالى تاريخ الاكتساب اجمالي اﻻعارات رقم الطلب الباركود تاريخ اخر مشاهدة تاريخ تفعيل السعر نوع وعاء كوها
        مكتبة القاهرة الكبرى مكتبة القاهرة الكبرى 04/06/2015   953\ م د 160088 04/06/2015 04/06/2015 كتاب

Powered By

EGPV